Catálogo público

Desarrollo tecnológico y valorización de cervezas, empleando semilla de caobilla y malta de maíz azul / (Record no. 220595)

MARC details
000 -CABECERA
campo de control de longitud fija 04680nam a2200385 a 4500
003 - IDENTIFICADOR DEL NÚMERO DE CONTROL
campo de control CHAP
005 - FECHA Y HORA DE LA ÚLTIMA TRANSACCIÓN
campo de control 20250707111320.0
007 - CAMPO FIJO DE DESCRIPCIÓN FÍSICA--INFORMACIÓN GENERAL
campo de control de longitud fija ta
008 - DATOS DE LONGITUD FIJA--INFORMACIÓN GENERAL
campo de control de longitud fija 250612s2024 mx ado|fsm||| 001 0 spa d
040 ## - FUENTE DE LA CATALOGACIÓN
Normas de descripción rda
041 ## - CÓDIGO DE LENGUA
Código de lengua del texto/banda sonora o título independiente spa
Código de lengua del sumario o resumen eng
100 1# - ENTRADA PRINCIPAL--NOMBRE DE PERSONA
Nombre de persona Cruz Aguilar, Ricardo
9 (RLIN) 152312
240 10 - TÍTULO UNIFORME
Título uniforme Technological development and valorization of beers using caobilla seeds and blue corn malt.
Lenguaje de la obra Español
245 10 - MENCIÓN DE TÍTULO
Título Desarrollo tecnológico y valorización de cervezas, empleando semilla de caobilla y malta de maíz azul /
Mención de responsabilidad, etc. Ricardo Cruz Aguilar
264 ## - PRODUCCIÓN, PUBLICACIÓN, DISTRIBUCIÓN, FABRICACIÓN Y COPYRIGHT
Producción, publicación, distribución, fabricación y copyright Chapingo, México :
Nombre del de productor, editor, distribuidor, fabricante El autor,
Fecha de producción, publicación, distribución, fabricación o copyright 2024
300 ## - DESCRIPCIÓN FÍSICA
Extensión 1 recurso en línea (xiv, 133 páginas) :
Otras características físicas ilustraciones, tablas, gráficas, fotografías
336 ## - TIPO DE CONTENIDO
Fuente rdacontent
Término de tipo de contenido texto
Código de tipo de contenido txt
337 ## - TIPO DE MEDIO
Fuente rdamedia
Nombre/término del tipo de medio computadora
Código del tipo de medio c
338 ## - TIPO DE SOPORTE
Fuente rdacarrier
Nombre/término del tipo de soporte recurso en línea
Código del tipo de soporte cr
502 ## - NOTA DE TESIS
Nota de tesis Tesis
Tipo de título (Maestro en Ciencia y Tecnología Agroalimentaria) --
Nombre de la institución que otorga el título Departamento de Ingeniería Agroindustrial,
Año de obtención del título 2024
Información miscelánea Maestría
504 ## - NOTA DE BIBLIOGRAFÍA, ETC.
Nota de bibliografía, etc. Incluye bibliografías
520 3# - SUMARIO, ETC.
Sumario, etc. Este estudio evaluó alternativas tecnológicas y económicas para sustituir insumos en la producción de cerveza, utilizando semillas de caobilla en lugar de lúpulo y malta de maíz azul en lugar de cebada. Primero se determinó el Punto de Igualdad Subjetiva (PIS) entre el amargor de la caobilla y el lúpulo, estableciendo que 11.44 g*L-1 de caobilla equivalen a 3 g*L-1 de lúpulo. Para la evaluación de la influencia de los insumos en las características fisicoquímicas de las cervezas se empleó un diseño de superficie de respuesta donde se observó que el tratamiento óptimo combinó 75% malta de cebada, 25% maíz azul, 71.62% lúpulo y 28.38% caobilla, con un costo por botella de $16.56 MXN. Los 14 tratamientos obtenidos se sometieron a un análisis sensorial y se mostró que la cerveza con caobilla resaltó por su amargor, mientras que las cervezas de maíz azul y lúpulo destacaron por su sabor a maíz. Cuatro de las 14 muestras se analizaron su perfil de compuestos volátiles y semivolátiles mediante microextracción en fase sólida y cromatografía de gases, donde se encontraron ácidos, alcoholes y ésteres como compuestos clave. Por último, se realizó un análisis económico que mostró que los consumidores estarían dispuestos a pagar más por cervezas con malta de maíz azul ($50.57 MXN) y caobilla ($50.56 MXN), aunque el uso de lúpulo redujo el precio dispuesto a pagar. La etiqueta "cerveza nacional" tuvo un efecto negativo en la disposición a pagar en algunos casos, sin embargo, las cervezas con insumos nacionales tienen potencial en el mercado artesanal. --
520 3# - SUMARIO, ETC.
Sumario, etc. This study evaluated technological and economic alternatives to replace key ingredients in the production of beer, using caobilla seeds instead of hops and blue corn malt instead of barley. First, the Point of Subjective Equality (PSE) between the bitterness of caobilla and hops was determined, establishing that 11.44 g*L-1 of caobilla is equivalent to 3 g*L-1 of hops. A response surface design was employed to assess the influence of the ingredients on the physicochemical characteristics of the beers, revealing that the optimal treatment combined 75% barley malt, 25% blue corn, 71.62% hops, and 28.38% caobilla, with a cost of $16.56 MXN per bottle. The 14 treatments obtained were underwent a sensory analysis, showing that the beer with caobilla stood out for its bitterness, while the blue corn and hop beers highlighted their corn flavor. Four of the 14 samples had their volatile and semi-volatile compound profiles analyzed through solid-phase microextraction and gas chromatography, identifying acids, alcohols, and esters as key compounds. Lastly, an economic analysis revealed that consumers would be willing to pay more for beers with blue corn malt ($50.57 MXN) and caobilla ($50.56 MXN), though the use of hops lowered the willingness to pay. The "national beer" label negatively impacted willingness to pay in some cases, but beers made with national ingredients have potential in the craft market.
650 13 - PUNTO DE ACCESO ADICIONAL DE MATERIA--TÉRMINO DE MATERIA
Término de materia o nombre geográfico como elemento de entrada Cervezas
Fuente del encabezamiento o término atg
9 (RLIN) 149283
Subdivisión general Propiedades fisicoquímicas
650 13 - PUNTO DE ACCESO ADICIONAL DE MATERIA--TÉRMINO DE MATERIA
Término de materia o nombre geográfico como elemento de entrada Elaboración de cerveza
Fuente del encabezamiento o término atg
9 (RLIN) 154862
Subdivisión general Maíz
650 13 - PUNTO DE ACCESO ADICIONAL DE MATERIA--TÉRMINO DE MATERIA
Término de materia o nombre geográfico como elemento de entrada Elaboración de cerveza
Fuente del encabezamiento o término atg
9 (RLIN) 154862
Subdivisión general Swietenia humilis
650 13 - PUNTO DE ACCESO ADICIONAL DE MATERIA--TÉRMINO DE MATERIA
Término de materia o nombre geográfico como elemento de entrada Beers
Fuente del encabezamiento o término atg
9 (RLIN) 149281
Subdivisión general Physicochemical properties
650 13 - PUNTO DE ACCESO ADICIONAL DE MATERIA--TÉRMINO DE MATERIA
Término de materia o nombre geográfico como elemento de entrada Brewing
Fuente del encabezamiento o término atg
9 (RLIN) 154861
Subdivisión general Corn
650 13 - PUNTO DE ACCESO ADICIONAL DE MATERIA--TÉRMINO DE MATERIA
Término de materia o nombre geográfico como elemento de entrada Brewing
Fuente del encabezamiento o término atg
9 (RLIN) 154861
Subdivisión general Swietenia humilis
700 1# - PUNTO DE ACCESO ADICIONAL--NOMBRE DE PERSONA
Nombre de persona Espejel García, Anastacio
9 (RLIN) 147446
Término indicativo de función/relación director
700 1# - PUNTO DE ACCESO ADICIONAL--NOMBRE DE PERSONA
Nombre de persona Hernández Montes, Arturo
9 (RLIN) 148849
Término indicativo de función/relación asesor
700 1# - PUNTO DE ACCESO ADICIONAL--NOMBRE DE PERSONA
Nombre de persona Hernández Rodríguez, Landy
9 (RLIN) 54548
Término indicativo de función/relación asesora
856 40 - LOCALIZACIÓN Y ACCESO ELECTRÓNICOS
Identificador Uniforme del Recurso http://10.13.5.2/tesis/tm/2212036-5_CRUZ_AGUILAR_RICARDO.pdf
Texto de enlace DESCARGAR PDF
942 ## - ELEMENTOS DE PUNTO DE ACCESO ADICIONAL (KOHA)
Fuente del sistema de clasificación o colocación Clasificación Universidad Autónoma Chapingo
Tipo de ítem Koha Tesis digital
Holdings
Estado de retiro Estado de pérdida Fuente del sistema de clasificación o colocación Estado dañado No para préstamo Código de colección Localización permanente Ubicación/localización actual Ubicación en estantería Fecha de adquisición Fuente de adquisición Total de préstamos Código de barras Fecha visto por última vez Precio válido a partir de Tipo de ítem Koha
    Clasificación Universidad Autónoma de Chapingo     Tesis digitales de Maestría Ingenieria Agroindustrial Ingenieria Agroindustrial En línea 12/06/2025 El autor   1201015547 12/06/2025 12/06/2025 Tesis digital